<?xml version="1.0" encoding="UTF-8"?>
<record
    xmlns:xsi="http://www.w3.org/2001/XMLSchema-instance"
    xsi:schemaLocation="http://www.loc.gov/MARC21/slim http://www.loc.gov/standards/marcxml/schema/MARC21slim.xsd"
    xmlns="http://www.loc.gov/MARC21/slim">

  <leader>04855njm a2200637Ia 4500</leader>
  <controlfield tag="001">69222</controlfield>
  <controlfield tag="003">IT-RoPAU</controlfield>
  <controlfield tag="005">20220918181152.0</controlfield>
  <controlfield tag="008">131025s9999    xx            000 0 und d</controlfield>
  <datafield tag="040" ind1=" " ind2=" ">
    <subfield code="a">IT-RoPAU</subfield>
  </datafield>
  <datafield tag="040" ind1=" " ind2=" ">
    <subfield code="c">IT-RoPAU</subfield>
  </datafield>
  <datafield tag="999" ind1=" " ind2=" ">
    <subfield code="c">102228</subfield>
    <subfield code="d">102228</subfield>
  </datafield>
  <datafield tag="999" ind1=" " ind2=" ">
    <subfield code="b">n.d.</subfield>
  </datafield>
  <datafield tag="100" ind1=" " ind2=" ">
    <subfield code="a">AA.VV. </subfield>
    <subfield code="9">794</subfield>
  </datafield>
  <datafield tag="100" ind1=" " ind2=" ">
    <subfield code="e">Autore musica</subfield>
    <subfield code="9">24061</subfield>
  </datafield>
  <datafield tag="100" ind1=" " ind2=" ">
    <subfield code="g">Codice autore musica SPICS: 12000</subfield>
    <subfield code="9">796</subfield>
  </datafield>
  <datafield tag="245" ind1=" " ind2=" ">
    <subfield code="a">Stan Getz (Lp 2Mjp 1061)</subfield>
  </datafield>
  <datafield tag="250" ind1=" " ind2=" ">
    <subfield code="a">2a ed.</subfield>
  </datafield>
  <datafield tag="260" ind1=" " ind2=" ">
    <subfield code="a">MILANO</subfield>
  </datafield>
  <datafield tag="260" ind1=" " ind2=" ">
    <subfield code="b">RUSCONI</subfield>
    <subfield code="c">1988 [1a Ed.:1950 - Ed. Lingua Orig.: 1950]</subfield>
  </datafield>
  <datafield tag="300" ind1=" " ind2=" ">
    <subfield code="a">DISCO</subfield>
  </datafield>
  <datafield tag="300" ind1=" " ind2=" ">
    <subfield code="c">4 minuti (Testo:  pag.)</subfield>
  </datafield>
  <datafield tag="500" ind1=" " ind2=" ">
    <subfield code="a">Musica jazz. Disco fuori commercio allegato al n. 5 '88 di "Musica jazz"</subfield>
  </datafield>
  <datafield tag="505" ind1=" " ind2=" ">
    <subfield code="a">The Lady In Red [(New York, 14 aprile 1950) (4:00)] - My Old Flame [(New York, 14 aprile 1950) (3:00)] - Night and [(Stoccolma, 23 marzo 1951) (3:00)] - Always [(New York, Carnegie Hall, 24 dicembre 1949) (4:00)] - I Got It Bad [(New York, 9 febbraio 1953) (3:00)] - I've Got You Under My Skin [(New York, 6 gennaio 1950) (4:00)] - Pot Luck [(Los Angeles, 22 agosto 1953) (4:00)] - Stan's Mood [(New York, 5 maggio 1949) (3:00)] - All God's Chillun Got Rhythm [(Manchester, 17 maggio 1958) (4:00)] - Flamingo [(Stoccolma, 24 marzo 1951) (4:00)] - Diaper Pin [(New York, ottobre 1948) (3:00)] - Interlude in Bebop [(New York, ottobre 1948) (3:00)] - Broadway [(Chicago, Tv-Cast, 17 settembre 1956) (4:00)] - Modello documento R50An (3:00) - Modello documento R54An (3:00)</subfield>
  </datafield>
  <datafield tag="511" ind1=" " ind2=" ">
    <subfield code="a">Getz Stan: ten; Aless Tony: p; Heath Percy: cb; Lamond Don: batt</subfield>
  </datafield>
  <datafield tag="511" ind1=" " ind2=" ">
    <subfield code="a">Getz Stan: ten; Hallberg Bengt: p; Johnsson Gunnar: cb; Noren Jack: batt</subfield>
  </datafield>
  <datafield tag="511" ind1=" " ind2=" ">
    <subfield code="a">Winding Kai: trne; Getz Stan: ten; Haig Al: p; Potter Tommy: cb; Haynes Roy: batt</subfield>
  </datafield>
  <datafield tag="511" ind1=" " ind2=" ">
    <subfield code="a">Terry Clark: tr; Cook Willie: tr; Anderson Cat: tr; Nance Ray: tr, viol; Jackson Quentin: trne; Woodman Britt: trne; Tizol Juan: trne; Hamilton Jimmy: cl, ten; Jefferson Hilton: alto; Procope Russell: alto, cl; Getz Stan: ten; Scott Tony: ten, fl; Carney Harry: bar, cl,  basso; Ellington Duke: p; Pettiford Oscar: cb; Bellson Louie: batt; Duke Ellington and His Orchestra</subfield>
  </datafield>
  <datafield tag="511" ind1=" " ind2=" ">
    <subfield code="a">Getz Stan: ten; Haig Al: p; Potter Tommy: cb; Haynes Roy: batt</subfield>
  </datafield>
  <datafield tag="511" ind1=" " ind2=" ">
    <subfield code="a">Brookmeyer Bob. trne a pist.; Getz Stan: ten; Williams John: p; Kotick Teddy: cb; Isola Frank: batt</subfield>
  </datafield>
  <datafield tag="511" ind1=" " ind2=" ">
    <subfield code="a">Swope Earl: trne; Getz Stan: ten; Cohn Al: ten; Sims Zoot: ten; Jordan Duke: p; Raney Jimmy: chit; Oliver Mert: cb; Perry Charles: batt</subfield>
  </datafield>
  <datafield tag="511" ind1=" " ind2=" ">
    <subfield code="a">Getz Stan: ten; Levy Lou: p; Ellis Herb: chit; Brown Ray: cb; Johnson Gus: batt</subfield>
  </datafield>
  <datafield tag="511" ind1=" " ind2=" ">
    <subfield code="a">Getz Stan: ten; Gullin Lars: bar; Hallberg Bengt: p; Akerberg Yngve: cb; Noren Jack: batt</subfield>
  </datafield>
  <datafield tag="511" ind1=" " ind2=" ">
    <subfield code="a">Getz Stan: ten; Haig Al: p; Lombardi Clyde: cb; Perry Charlie: batt</subfield>
  </datafield>
  <datafield tag="511" ind1=" " ind2=" ">
    <subfield code="a">Getz Stan: ten; Haig Al: p; Lombardi Clyde: cb; Perry Charlie: batt; Raney Jimmy: chit</subfield>
  </datafield>
  <datafield tag="511" ind1=" " ind2=" ">
    <subfield code="a">Getz Stan: ten; Dockery Sam: p; Pettiford Oscar: cb; Blakey Art: batt</subfield>
  </datafield>
  <datafield tag="650" ind1=" " ind2=" ">
    <subfield code="a">JAZZ [DISCHI]</subfield>
    <subfield code="e">Codice MATERIA SPICS: 9950</subfield>
    <subfield code="9">24062</subfield>
  </datafield>
  <datafield tag="700" ind1=" " ind2=" ">
    <subfield code="a">Getz Stan</subfield>
    <subfield code="g">Codice interprete SPICS: 10710</subfield>
    <subfield code="e">Interprete</subfield>
    <subfield code="9">24063</subfield>
  </datafield>
  <datafield tag="700" ind1=" " ind2=" ">
    <subfield code="a">Dixon</subfield>
    <subfield code="g">Codice autore musica SPICS: 15738</subfield>
    <subfield code="e">Autore musica</subfield>
    <subfield code="p">The Lady In Red</subfield>
    <subfield code="9">24064</subfield>
  </datafield>
  <datafield tag="700" ind1=" " ind2=" ">
    <subfield code="a">Wrubel Allie</subfield>
    <subfield code="g">Codice autore testo/musica SPICS: 15729</subfield>
    <subfield code="e">Autore testo/musica</subfield>
    <subfield code="p">The Lady In Red</subfield>
    <subfield code="9">24065</subfield>
  </datafield>
  <datafield tag="700" ind1=" " ind2=" ">
    <subfield code="a">Johnson</subfield>
    <subfield code="g">Codice autore musica SPICS: 20146</subfield>
    <subfield code="e">Autore musica</subfield>
    <subfield code="p">My Old Flame</subfield>
    <subfield code="9">24066</subfield>
  </datafield>
  <datafield tag="700" ind1=" " ind2=" ">
    <subfield code="a">Coslow</subfield>
    <subfield code="g">Codice autore SPICS: 22532</subfield>
    <subfield code="e">Autore</subfield>
    <subfield code="p">My Old Flame</subfield>
    <subfield code="9">24067</subfield>
  </datafield>
  <datafield tag="700" ind1=" " ind2=" ">
    <subfield code="a">Porter Cole</subfield>
    <subfield code="g">Codice autore musica SPICS: 13034</subfield>
    <subfield code="e">Autore musica</subfield>
    <subfield code="p">Night and Day - I've Got You Under My Skin</subfield>
    <subfield code="9">24068</subfield>
  </datafield>
  <datafield tag="700" ind1=" " ind2=" ">
    <subfield code="a">Berlin Irving</subfield>
    <subfield code="g">Codice autore musica SPICS: 14042</subfield>
    <subfield code="e">Autore musica</subfield>
    <subfield code="p">Always</subfield>
    <subfield code="9">24069</subfield>
  </datafield>
  <datafield tag="700" ind1=" " ind2=" ">
    <subfield code="a">Ellington Duke</subfield>
    <subfield code="g">Codice autore musica SPICS: 13023</subfield>
    <subfield code="e">Autore musica</subfield>
    <subfield code="p">I Got It Bad</subfield>
    <subfield code="9">24070</subfield>
  </datafield>
  <datafield tag="700" ind1=" " ind2=" ">
    <subfield code="a">Mandel Johnny</subfield>
    <subfield code="g">Codice autore musica SPICS: 11004</subfield>
    <subfield code="e">Autore musica</subfield>
    <subfield code="p">Pot Luck</subfield>
    <subfield code="9">24071</subfield>
  </datafield>
  <datafield tag="700" ind1=" " ind2=" ">
    <subfield code="a">Cohn Al</subfield>
    <subfield code="g">Codice autore musica SPICS: 10711</subfield>
    <subfield code="e">Autore musica</subfield>
    <subfield code="p">Stan's Mood</subfield>
    <subfield code="9">24072</subfield>
  </datafield>
  <datafield tag="700" ind1=" " ind2=" ">
    <subfield code="a">Kaper</subfield>
    <subfield code="g">Codice autore musica SPICS: 23713</subfield>
    <subfield code="e">Autore musica</subfield>
    <subfield code="p">All God's Chillun Got Rhythm</subfield>
    <subfield code="9">24073</subfield>
  </datafield>
  <datafield tag="700" ind1=" " ind2=" ">
    <subfield code="a">Jurman </subfield>
    <subfield code="g">Codice autore testo/musica SPICS: 23787</subfield>
    <subfield code="e">Autore testo/musica</subfield>
    <subfield code="p">All God's Chillun Got Rhythm</subfield>
    <subfield code="9">24074</subfield>
  </datafield>
  <datafield tag="700" ind1=" " ind2=" ">
    <subfield code="a">Anderson Benny</subfield>
    <subfield code="g">Codice autore musica SPICS: 18865</subfield>
    <subfield code="e">Autore musica</subfield>
    <subfield code="p">Flamingo</subfield>
    <subfield code="9">24075</subfield>
  </datafield>
  <datafield tag="700" ind1=" " ind2=" ">
    <subfield code="a">Grouya</subfield>
    <subfield code="g">Codice autore SPICS: 15674</subfield>
    <subfield code="e">Autore</subfield>
    <subfield code="p">Flamingo</subfield>
    <subfield code="9">24076</subfield>
  </datafield>
  <datafield tag="700" ind1=" " ind2=" ">
    <subfield code="a">Getz Stan</subfield>
    <subfield code="g">Codice autore musica SPICS: 10710</subfield>
    <subfield code="e">Autore musica</subfield>
    <subfield code="p">Diaper Pin - Interlude In Bebop - Modello documento R50An - Modello documento R54An</subfield>
    <subfield code="9">24077</subfield>
  </datafield>
  <datafield tag="700" ind1=" " ind2=" ">
    <subfield code="a">Woods H.W.</subfield>
    <subfield code="g">Codice autore musica SPICS: 16463</subfield>
    <subfield code="e">Autore musica</subfield>
    <subfield code="p">Broadway</subfield>
    <subfield code="9">24078</subfield>
  </datafield>
  <datafield tag="700" ind1=" " ind2=" ">
    <subfield code="a">McKay</subfield>
    <subfield code="g">Codice autore SPICS: 23785</subfield>
    <subfield code="e">Autore</subfield>
    <subfield code="p">Broadway</subfield>
    <subfield code="9">24079</subfield>
  </datafield>
  <datafield tag="700" ind1=" " ind2=" ">
    <subfield code="a">Bird</subfield>
    <subfield code="g">Codice autore testo/musica SPICS: 23786</subfield>
    <subfield code="e">Autore testo/musica</subfield>
    <subfield code="p">Broadway</subfield>
    <subfield code="9">24080</subfield>
  </datafield>
  <datafield tag="942" ind1=" " ind2=" ">
    <subfield code="c">MD</subfield>
    <subfield code="2">ddc</subfield>
  </datafield>
  <datafield tag="952" ind1=" " ind2=" ">
    <subfield code="0">0</subfield>
    <subfield code="1">0</subfield>
    <subfield code="4">0</subfield>
    <subfield code="6">69222_000000000000000</subfield>
    <subfield code="7">1</subfield>
    <subfield code="a">SPICS</subfield>
    <subfield code="b">SPICS</subfield>
    <subfield code="d">2013-10-25</subfield>
    <subfield code="l">0</subfield>
    <subfield code="o">69222</subfield>
    <subfield code="r">2013-10-25 00:00:00</subfield>
    <subfield code="w">2013-10-25</subfield>
    <subfield code="y">MD</subfield>
    <subfield code="z">Progr. Ins.: 2 / N.Vol.: n.d. / Copie: 1 - Copia rara: n.d. / date import: 01.01.2014 - By Epidotti, Trombetti, Vaglietti</subfield>
  </datafield>
</record>
